000 00472nam a22001817a 4500
999 _c2602
_d2602
003 Ost
005 20191207230852.0
008 191207b ||||| |||| 00| 0 eng d
020 _a9789993615170
040 _cBT-PhCST
050 _a000
082 _222
_a413.34954
100 _aNamgay Thinley,
245 _aDzongkhag homophone dictionary /
260 _aThimphu,
_bDzongkhag Development Commission,
_cc2012.
300 _a575p. ;
_bill.;
_c20 cm.
942 _2ddc
_cDIC
_04